MARC

LEADER 00000nam0a2200000 4500
001 319072
005 20231102003137.0
035 |a (RuTPU)RU\TPU\book\344577 
090 |a 319072 
100 |a 20160518d1966 km y0rusy50 ca 
101 0 |a rus 
102 |a RU 
105 |a y z 001zy 
200 1 |a Развитие химии белка  |f А. Н. Шамин  |g Академия наук СССР (АН СССР), Институт истории естествознания и техники (ИИЕТ АН СССР) 
210 |a Москва  |c Наука  |d 1966 
215 |a 172 с. 
320 |a Библиогр.: с. 155-171 
606 1 |a Белки  |x Химия  |2 stltpush  |3 (RuTPU)RU\TPU\subj\28176  |9 51758 
610 1 |a зарождение 
610 1 |a белок 
610 1 |a строение 
610 1 |a протеины 
610 1 |a протеозы 
610 1 |a пептидная теория 
610 1 |a аминокислоты 
675 |a 547.96  |v 4 
700 1 |a Шамин  |b А. Н.  |g Алексей Николаевич 
712 0 2 |a Академия наук СССР (АН СССР)  |b Институт истории естествознания и техники (ИИЕТ АН СССР)  |c (Москва)  |c (1953- )  |2 stltpush  |3 (RuTPU)RU\TPU\col\8662 
801 1 |a RU  |b 63413507  |c 20160518 
801 2 |a RU  |b 63413507  |c 20200722  |g RCR 
942 |c BK